000 00299nam a2200109Ia 4500
008 170221s9999 xx 000 0 und d
245 _aTable of Contents (page 511)
260 _c2013
300 _a11 : 1
650 _xBusiness
856 _uhttp://onlinelibrary.wiley.com/doi/10.1111/jbfa.12188/epdf
999 _c311651
_d311651